[Event "SV Horst-Emscher 1 - SG Bochum 2"]
[Site "Regionalliga 2018/2019"]
[Date "2019.06.02"]
[Round "11.7"]
[White "Kitte, Sebastian"]
[Black "Tobczewski, Peter"]
[Result "1-0"]
[WhiteElo "2169"]
[BlackElo "1884"]
[PlyCount "37"]
[EventDate "2019.??.??"]

1. d4 d5 2. c4 Nc6 3. Nc3 dxc4 4. Nf3 e6 5. e4 Nf6 6. Bxc4 Bb4 7. Bd3 O-O 8. e5
Nd5 9. O-O Be7 10. Re1 f5 11. exf6 Bxf6 12. Ne4 h6 13. Bb1 Nde7 14. Nxf6+ Rxf6
15. b3 Nd5 16. Qd3 Nce7 17. Qh7+ Kf8 18. Ba3 Rxf3 19. Qh8+ 1-0

[Event "SV Horst-Emscher 1 - SG Bochum 2"]
[Site "Regionalliga 2018/2019"]
[Date "2019.06.02"]
[Round "11.8"]
[White "Kneip, Karl"]
[Black "Zeldin, Vitali"]
[Result "0-1"]
[WhiteElo "1709"]
[BlackElo "1979"]
[PlyCount "112"]
[EventDate "2019.??.??"]

1. e4 c5 2. d4 cxd4 3. Qxd4 Nc6 4. Qd1 Nf6 5. Nd2 d6 6. Ngf3 g6 7. Bb5 Bd7 8.
O-O Bg7 9. c3 O-O 10. Ba4 a6 11. Bc2 b5 12. a3 Rc8 13. h3 Qc7 14. Bd3 Rfd8 15.
Qe2 Rb8 16. Re1 e5 17. Nf1 h6 18. Ng3 Be6 19. Be3 Na5 20. Nd2 Nc4 21. Bxc4 bxc4
22. Rab1 Nd7 23. Rf1 Rb7 24. Nf3 Rdb8 25. Qd2 Kh7 26. Rfd1 Bf8 27. Qe2 Nb6 28.
Bxb6 Rxb6 29. Qc2 Qb7 30. Rd2 Rb3 31. Qc1 Rxa3 32. Ra1 Rb3 33. Ra2 Be7 34. Qa1
Ra8 35. Re2 Kg7 36. Nd2 Rb6 37. Ndf1 Bg5 38. Ne3 Bf4 39. Nef1 h5 40. f3 Rb5 41.
Nh1 Qb6+ 42. Nf2 a5 43. g3 Bh6 44. h4 Rb8 45. Kh2 Kh7 46. Nd1 f5 47. Nde3 f4
48. Ng2 fxg3+ 49. Nxg3 Rf8 50. Ne1 Qd8 51. Ng2 Rxf3 52. Qg1 Bf4 53. Qa7+ Kh6
54. Qa6 Bxg3+ 55. Kg1 Qb6+ 56. Qxb6 Rxb6 0-1

[Event "SV Mülheim-Nord 3 - SC Hansa Dortmund "]
[Site "Regionalliga 2018/2019"]
[Date "2019.06.02"]
[Round "11.2"]
[White "Ozerov, Ilja"]
[Black "Berndt, Joachim"]
[Result "1/2-1/2"]
[WhiteElo "2175"]
[BlackElo "2058"]
[PlyCount "39"]
[EventDate "2019.??.??"]

1. f4 d5 2. Nf3 g6 3. g3 Bg7 4. Bg2 Nf6 5. d3 c5 6. O-O O-O 7. Nc3 d4 8. Ne4
Nxe4 9. dxe4 Nc6 10. a3 a5 11. Qe1 c4 12. Kh1 d3 13. cxd3 cxd3 14. exd3 Qxd3
15. Rf2 Qb3 16. Qe3 Qd1+ 17. Rf1 Qc2 18. Rf2 Qd1+ 19. Rf1 Qc2 20. Rf2 1/2-1/2

[Event "SV Mülheim-Nord 3 - SC Hansa Dortmund "]
[Site "Regionalliga 2018/2019"]
[Date "2019.06.02"]
[Round "11.3"]
[White "Burchert, Wolfgang"]
[Black "Limbourg, Philipp"]
[Result "0-1"]
[WhiteElo "1998"]
[BlackElo "2173"]
[PlyCount "94"]
[EventDate "2019.??.??"]

1. e4 c5 2. Nf3 e6 3. b3 a6 4. Bb2 Nc6 5. g3 Nf6 6. e5 Ng4 7. h3 Nh6 8. Bg2 Be7
9. Na3 f6 10. Nc4 O-O 11. O-O Nf5 12. g4 Nfd4 13. Nxd4 cxd4 14. exf6 Bxf6 15.
Ba3 Be7 16. Bxe7 Qxe7 17. Nb6 Rb8 18. c4 Qb4 19. Nxc8 Rbxc8 20. Qe2 Rf4 21. d3
Rcf8 22. Rae1 Qc3 23. Rc1 Rxf2 24. Qxf2 Rxf2 25. Kxf2 Qxd3 26. Rce1 Qc3 27. Kg1
Nb4 28. Re2 h6 29. Kh1 Nd3 30. Bxb7 Nc5 31. Bg2 d3 32. Ref2 Qd4 33. Rf8+ Kh7
34. R8f4 Qe3 35. R4f3 Qe5 36. R3f2 d5 37. cxd5 exd5 38. Rf5 Qe2 39. Rxd5 Ne4
40. Kg1 Nc3 41. Rd8 Qe3+ 42. Kh2 Ne2 43. Rd1 Nf4 44. Rf1 Qd2 45. Rg1 Qe2 46.
Kh1 d2 47. Bd5 Nxd5 0-1

[Event "SV Mülheim-Nord 3 - SC Hansa Dortmund "]
[Site "Regionalliga 2018/2019"]
[Date "2019.06.02"]
[Round "11.4"]
[White "Kuipers, Dustin"]
[Black "Hillebrand, Carsten"]
[Result "1-0"]
[WhiteElo "2126"]
[BlackElo "1945"]
[Annotator "Daniel"]
[PlyCount "129"]
[EventDate "2019.??.??"]

1. Nf3 Nf6 2. g3 g6 3. b3 Bg7 4. Bb2 d6 5. d4 O-O 6. Bg2 c5 7. c4 cxd4 8. Nxd4
d5 9. cxd5 Nxd5 10. O-O Nc7 11. Na3 Nba6 12. Nc4 Rb8 13. Rc1 Nc5 14. b4 N5e6
15. Nxe6 Nxe6 16. Bxg7 Nxg7 17. Qc2 Be6 18. Rfd1 Qe8 19. Na5 Qb5 20. Qc5 Qxe2
21. Qxa7 Qxa2 22. Bxb7 Nf5 23. Ra1 Qb2 24. Nc6 Rbe8 25. Qa3 Qf6 26. b5 Nd6 27.
Ba6 Ne4 28. Qe3 Nc3 29. Rd4 Nd5 30. Qe5 Qxe5 31. Nxe5 f6 32. Nc6 Kf7 33. Bb7
Nb6 34. Ra6 Nc4 35. f4 Nd6 36. Rb6 Nc4 $11 37. Ra6 Nd6 38. Rxd6 exd6 39. Ra7
Bc4 40. b6 Re1+ 41. Kf2 Rf1+ 42. Kg2 Rc1 43. Bc8+ Kg8 44. Ne7+ Kh8 45. b7 Rb1
46. Ra8 Re8 47. b8=Q Rxb8 48. Rxb8 Rxe7 49. Be6+ Kg7 50. Bxc4 Rc7 51. Bb3 f5
52. Rb6 d5 53. Bxd5 Rc2+ 54. Kh3 Rc8 55. Rb7+ Kh6 56. Rb2 Rd8 57. Bf3 Rd6 58.
Kg2 g5 59. fxg5+ Kxg5 60. Rc2 Rg6 61. Rc7 h5 62. h4+ Kh6 63. Rc6 Rxc6 64. Bxc6
Kg6 65. Be8+ 1-0

[Event "SV Mülheim-Nord 3 - SC Hansa Dortmund "]
[Site "Regionalliga 2018/2019"]
[Date "2019.06.02"]
[Round "11.5"]
[White "Linker, Walter"]
[Black "Grodotzki, Kenneth"]
[Result "1-0"]
[WhiteElo "2027"]
[BlackElo "1976"]
[Annotator "Daniel"]
[PlyCount "75"]
[EventDate "2019.??.??"]

1. f4 d5 2. Nf3 g6 3. e3 Bg7 4. c4 d4 5. exd4 Bxd4 6. Nxd4 Qxd4 7. d3 Nh6 8.
Nc3 c6 9. Qf3 Bg4 10. Qe4 Qxe4+ 11. dxe4 f5 12. h3 Bh5 13. Rg1 Nd7 14. g4 fxg4
15. f5 g5 16. Be2 Ne5 17. Bxg5 Nhf7 18. Bf4 Rg8 19. O-O-O Rd8 20. Rxd8+ Kxd8
21. Nd1 Rf8 22. hxg4 Bxg4 $11 23. Bxg4 Nd3+ 24. Kd2 Nxf4 25. Ke3 e5 26. fxe6
Ne5 27. Bf5 Nfg6 28. b3 Ke7 29. Rh1 Rh8 30. Nf2 Kf6 31. Nd3 Nxd3 32. Kxd3 c5
33. Ke3 h5 34. Bh3 Ne5 35. Rf1+ Ke7 36. Rf5 Ng4+ 37. Kf4 Nh6 38. Rxc5 1-0

[Event "SV Mülheim-Nord 3 - SC Hansa Dortmund "]
[Site "Regionalliga 2018/2019"]
[Date "2019.06.02"]
[Round "11.6"]
[White "Brockhaus, Bernd"]
[Black "Prueske, Wolfgang"]
[Result "1/2-1/2"]
[WhiteElo "1946"]
[BlackElo "1946"]
[PlyCount "25"]
[EventDate "2019.??.??"]

1. e4 c6 2. d4 d5 3. f3 g6 4. Be3 Bg7 5. e5 Qb6 6. Qc1 f6 7. exf6 exf6 8. c3
Ne7 9. g4 h5 10. Be2 Be6 11. b3 hxg4 12. fxg4 Nd7 13. Na3 1/2-1/2

[Event "SV Mülheim-Nord 3 - SC Hansa Dortmund "]
[Site "Regionalliga 2018/2019"]
[Date "2019.06.02"]
[Round "11.7"]
[White "Zelt, Jens"]
[Black "Bartelt, Max Peter"]
[Result "1-0"]
[WhiteElo "2071"]
[BlackElo "1824"]
[PlyCount "117"]
[EventDate "2019.??.??"]

1. d4 Nf6 2. Nf3 d5 3. Bf4 e6 4. c3 c5 5. e3 Be7 6. Nbd2 O-O 7. Bd3 b6 8. Ne5
Bb7 9. Qf3 Nbd7 10. O-O a5 11. Rfe1 c4 12. Bc2 b5 13. a4 Qb6 14. Nxd7 Nxd7 15.
axb5 f6 16. e4 e5 17. Be3 dxe4 18. Bxe4 Bxe4 19. Qxe4 Qxb5 20. Qf5 Qc6 21. Nxc4
g6 22. Qh3 Qxc4 23. Qxd7 Rf7 24. dxe5 fxe5 25. Qa4 Qc7 26. Red1 Bc5 27. Qe4
Raf8 28. Rd2 Kg7 29. Re1 Be7 30. h3 h5 31. Rd5 Bf6 32. Red1 Rb8 33. R1d2 Rb7
34. Bc5 Rb3 35. Qa4 Rb7 36. Be3 Qb8 37. Qa2 Rb5 38. Rd7 Re7 39. Rxe7+ Bxe7 40.
Qe6 Rb7 41. Rd5 a4 42. g3 Bf6 43. h4 Re7 44. Bh6+ Kxh6 45. Qxf6 Rg7 46. Rd8 Qc7
47. Rh8+ Rh7 48. Qg5+ Kg7 49. Re8 Qd6 50. Rxe5 Rh8 51. Re7+ Kg8 52. Ra7 Rh7 53.
Ra8+ Kg7 54. Rd8 Qe6 55. Qf4 Qe7 56. Qd4+ Kh6 57. Qd2+ g5 58. Rd6+ Kg7 59. Rd7
1-0

[Event "SV Mülheim-Nord 3 - SC Hansa Dortmund "]
[Site "Regionalliga 2018/2019"]
[Date "2019.06.02"]
[Round "11.8"]
[White "Lamberti, Michele"]
[Black "Dawid, Adalbert"]
[Result "1/2-1/2"]
[WhiteElo "1742"]
[BlackElo "1846"]
[PlyCount "47"]
[EventDate "2019.??.??"]

1. d4 Nf6 2. Nf3 d5 3. Bf4 e6 4. Nbd2 c5 5. e3 Qb6 6. Rb1 Nc6 7. c3 Bd7 8. Bd3
Be7 9. h3 Rc8 10. Ne5 a6 11. a3 cxd4 12. exd4 h6 13. O-O Nxe5 14. dxe5 Nh7 15.
Re1 Bb5 16. Nf3 Bxd3 17. Qxd3 O-O 18. Qd2 Qd8 19. Rbd1 Ng5 20. Nxg5 Bxg5 21.
Bxg5 Qxg5 22. Qxg5 hxg5 23. Rd4 Rc4 24. Rxc4 1/2-1/2

[Event "SV Kamen 1 - Weiße Dame Borbeck 1"]
[Site "Regionalliga 2018/2019"]
[Date "2019.06.02"]
[Round "11.1"]
[White "Loyen, Egbert"]
[Black "Weidemann, Christian"]
[Result "1-0"]
[WhiteElo "2189"]
[BlackElo "2295"]
[PlyCount "79"]
[EventDate "2019.??.??"]

1. Nf3 Nf6 2. g3 b5 3. Bg2 Bb7 4. O-O e6 5. b3 d5 6. Bb2 Nbd7 7. d3 Be7 8. Nbd2
O-O 9. Nd4 a6 10. c4 c5 11. Nc2 Qb6 12. cxd5 Bxd5 13. e4 Bb7 14. Qe2 Rfd8 15.
Rfd1 Nb8 16. Ne3 Nc6 17. Nf3 a5 18. Ne5 Nd4 19. Bxd4 cxd4 20. N3g4 Rac8 21. f4
Nxg4 22. Nxg4 Rc3 23. Rf1 Rdc8 24. f5 exf5 25. Rxf5 Rc2 26. Qf1 Rd2 27. Bh3 f6
28. Rf2 Rcc2 29. Rxd2 Rxd2 30. Qf4 Rxd3 31. Qb8+ Kf7 32. Rf1 Bd6 33. Qh8 Rd2
34. Nh6+ Kg6 35. Bf5+ Kh5 36. Qxg7 d3+ 37. Kh1 Bxe4+ 38. Bxe4 Rf2 39. Qf7+ Kg5
40. h4+ 1-0

[Event "SV Kamen 1 - Weiße Dame Borbeck 1"]
[Site "Regionalliga 2018/2019"]
[Date "2019.06.02"]
[Round "11.2"]
[White "Himmel, Hansjoerg"]
[Black "Hillenbrand, Michael"]
[Result "1-0"]
[WhiteElo "2208"]
[BlackElo "2078"]
[PlyCount "55"]
[EventDate "2019.??.??"]

1. e4 g6 2. d4 Bg7 3. Nc3 d6 4. Be3 c6 5. Qd2 b5 6. Bd3 Nd7 7. f4 Ngf6 8. e5
Ng4 9. Nf3 Nxe3 10. Qxe3 O-O 11. O-O Nb6 12. Qf2 Nd5 13. Nxd5 cxd5 14. c3 Rb8
15. a3 Qb6 16. Qh4 e6 17. Rae1 a5 18. Re3 b4 19. axb4 axb4 20. Ng5 h6 21. Nxf7
Rxf7 22. Bxg6 Rf8 23. f5 dxe5 24. f6 exd4 25. Rg3 dxc3+ 26. Kh1 Rb7 27. Bd3
Rbf7 28. Qxh6 1-0

[Event "SV Kamen 1 - Weiße Dame Borbeck 1"]
[Site "Regionalliga 2018/2019"]
[Date "2019.06.02"]
[Round "11.3"]
[White "Klasmeier, Jens"]
[Black "Luetke, Jens"]
[Result "0-1"]
[WhiteElo "2090"]
[BlackElo "2194"]
[PlyCount "104"]
[EventDate "2019.??.??"]

1. e4 e5 2. Nf3 Nc6 3. Nc3 g6 4. d4 exd4 5. Nxd4 Bg7 6. Be3 Nge7 7. Nxc6 Nxc6
8. Qd2 h6 9. f3 d6 10. Bb5 Bd7 11. Bxc6 Bxc6 12. Bd4 O-O 13. Bxg7 Kxg7 14.
O-O-O f5 15. exf5 Rxf5 16. Rde1 Qf6 17. Ne4 Bxe4 18. Rxe4 Rf8 19. Rhe1 Qg5 20.
R1e3 R8f7 21. a3 a5 22. Kb1 Rd5 23. Qe2 b5 24. Re7 a4 25. f4 Qf6 26. Rxf7+ Kxf7
27. g3 h5 28. Rc3 Qd8 29. Qe4 Rd1+ 30. Ka2 Qd7 31. Qc6 Qe6+ 32. b3 axb3+ 33.
Rxb3 Qc4 34. Qxc4+ bxc4 35. Rb7 Ke6 36. Rxc7 Kd5 37. Kb2 Kd4 38. Rc6 d5 39.
Rxg6 c3+ 40. Ka2 Rc1 41. Kb3 Rb1+ 42. Ka4 Rb2 43. g4 Rxc2 44. g5 Rxh2 45. Rc6
Rf2 46. Kb3 Rb2+ 47. Ka4 h4 48. g6 h3 49. f5 h2 50. g7 Rb8 51. Rh6 c2 52. Rh4+
Kc5 0-1

[Event "SV Kamen 1 - Weiße Dame Borbeck 1"]
[Site "Regionalliga 2018/2019"]
[Date "2019.06.02"]
[Round "11.4"]
[White "Kilian, Ralf"]
[Black "Dewenter, Ulf"]
[Result "1/2-1/2"]
[WhiteElo "2071"]
[BlackElo "2122"]
[PlyCount "49"]
[EventDate "2019.??.??"]

1. e4 e5 2. Nf3 Nc6 3. Bb5 a6 4. Ba4 Nf6 5. O-O Be7 6. Re1 b5 7. Bb3 d6 8. c3
O-O 9. h3 Nb8 10. d4 Nbd7 11. Nbd2 Bb7 12. Bc2 Re8 13. Nf1 Bf8 14. Ng3 g6 15.
b3 Bg7 16. d5 Rc8 17. Ba3 c6 18. c4 c5 19. Bc1 Rb8 20. Bd3 b4 21. Bd2 a5 22. a4
Bc8 23. Qc1 Qe7 24. Nh2 Kh8 25. Ra2 1/2-1/2

[Event "SV Kamen 1 - Weiße Dame Borbeck 1"]
[Site "Regionalliga 2018/2019"]
[Date "2019.06.02"]
[Round "11.5"]
[White "Korste, Sebastian"]
[Black "Rumpf, Thomas"]
[Result "1-0"]
[WhiteElo "1922"]
[BlackElo "2014"]
[Annotator "Daniel"]
[PlyCount "65"]
[EventDate "2019.??.??"]

1. d4 Nf6 2. Nf3 c5 3. e3 g6 4. Bd3 Bg7 5. O-O cxd4 $11 6. exd4 O-O 7. c3 d6 8.
Bg5 Nc6 9. Nbd2 h6 10. Bh4 g5 11. Bg3 Bg4 12. h3 Bh5 13. Qc2 Rc8 14. a3 Qd7 15.
Rae1 a6 16. Qb1 b5 17. Re2 e6 18. Rfe1 Na5 19. Bh2 g4 20. hxg4 Bxg4 21. Ne4
Nxe4 22. Rxe4 Bf5 23. Rh4 Bxd3 24. Qxd3 Nc4 25. b3 Nb6 26. Ng5 Rfe8 27. Qh7+
Kf8 28. Nxf7 e5 29. Nxh6 Bxh6 30. Qxh6+ Qg7 31. Qxd6+ Kg8 32. Bxe5 Rcd8 33.
Qxb6 1-0

[Event "SV Kamen 1 - Weiße Dame Borbeck 1"]
[Site "Regionalliga 2018/2019"]
[Date "2019.06.02"]
[Round "11.6"]
[White "Kleinegger, Frank"]
[Black "Kindermann, Carsten"]
[Result "1-0"]
[WhiteElo "2054"]
[BlackElo "1908"]
[PlyCount "93"]
[EventDate "2019.??.??"]

1. Nf3 d6 2. e4 e5 3. d4 Nf6 4. Nc3 Nbd7 5. Bc4 Be7 6. O-O O-O 7. Re1 c6 8. a4
b6 9. b3 Bb7 10. Bb2 a6 11. d5 c5 12. Nd2 g6 13. Bf1 Nh5 14. g3 Bg5 15. Bh3 Bc8
16. Nc4 Qc7 17. Qd3 Ndf6 18. Bg2 Ne8 19. a5 b5 20. Nb6 Ra7 21. Ne2 f5 22. Nxc8
Qxc8 23. f4 fxe4 24. Bxe4 exf4 25. Bxg6 f3 26. Rf1 Qh3 27. Rxf3 Rxf3 28. Qxf3
hxg6 29. Rf1 Bf6 30. Qe4 Kf7 31. Nf4 Qg4 32. Qe3 Re7 33. Ne6 Kg8 34. Qh6 Rf7
35. b4 Bd4+ 36. Bxd4 Rxf1+ 37. Kxf1 Qf3+ 38. Bf2 Qd1+ 39. Be1 Neg7 40. Qxg6
Qxd5 41. Nxg7 Nxg7 42. bxc5 Qxc5 43. Bd2 Qc4+ 44. Ke1 Qd5 45. Bc3 Qh1+ 46. Kd2
Qxh2+ 47. Kd3 1-0

[Event "SV Kamen 1 - Weiße Dame Borbeck 1"]
[Site "Regionalliga 2018/2019"]
[Date "2019.06.02"]
[Round "11.7"]
[White "Klasmeier, Hartmut"]
[Black "Georg, Heinz"]
[Result "0-1"]
[WhiteElo "1882"]
[BlackElo "2101"]
[PlyCount "108"]
[EventDate "2019.??.??"]

1. e4 e5 2. Nf3 Nc6 3. d4 exd4 4. Bc4 Bc5 5. c3 dxc3 6. Nxc3 d6 7. Qb3 Qd7 8.
O-O Na5 9. Qb5 Qxb5 10. Bxb5+ c6 11. Be2 Nf6 12. e5 dxe5 13. Nxe5 Bd4 14. Nf3
Bxc3 15. bxc3 Be6 16. Re1 O-O 17. Ne5 b6 18. c4 Rfd8 19. Bb2 Nd7 20. Rac1 Nxe5
21. Bxe5 c5 22. Rc3 f6 23. Bf4 Re8 24. Re3 Bf7 25. Rc1 Rxe3 26. Bxe3 Rd8 27. g4
Nc6 28. f3 Kf8 29. Kf2 Ke7 30. h4 Nb4 31. Rc3 Rd7 32. a3 Nc6 33. f4 g6 34. Rc1
Nd4 35. Bd1 h5 36. Kg3 hxg4 37. Bxg4 Be6 38. Bxd4 Rxd4 39. Bxe6 Kxe6 40. Kg4
Re4 41. Rc3 Re1 42. f5+ gxf5+ 43. Kf4 Re4+ 44. Kg3 Ke5 45. h5 Rg4+ 46. Kh3 Ke4
47. Rc2 Kf4 48. h6 Rg6 49. Rf2+ Kg5 50. Kg3 Rxh6 51. Rg2 Rh4 52. Kf3+ Rg4 53.
Rc2 f4 54. Ke4 f5+ 0-1

[Event "SV Kamen 1 - Weiße Dame Borbeck 1"]
[Site "Regionalliga 2018/2019"]
[Date "2019.06.02"]
[Round "11.8"]
[White "Traunecker, Thomas"]
[Black "Mundil, Uwe"]
[Result "1-0"]
[WhiteElo "1835"]
[BlackElo "2018"]
[Annotator "Daniel"]
[PlyCount "129"]
[EventDate "2019.??.??"]

1. e4 c5 2. Nf3 d6 3. Bb5+ Nd7 4. c3 Ngf6 5. Qe2 e5 6. O-O $11 Be7 7. d4 O-O 8.
dxe5 dxe5 9. Rd1 Qc7 10. c4 Nb6 11. Nc3 a6 12. Ba4 Nxa4 13. Nxa4 h6 14. Nc3 Re8
15. Nd2 b6 16. Nf1 Bb7 17. Ng3 Rad8 18. Be3 Rxd1+ 19. Rxd1 Rd8 20. Rd2 Bc8 21.
h3 Bf8 22. b3 g6 23. Qd1 Rd7 24. Nf1 Kh7 25. Ng3 Rxd2 26. Qxd2 Qd6 27. Bxh6 Bd7
28. Qxd6 Bxd6 29. Bg5 Ne8 30. Nd5 b5 31. Kf1 Kg7 32. Bd8 f5 33. f3 f4 34. Ne2
Kf7 35. Ke1 Ng7 36. Bh4 Ne6 37. Kd2 b4 38. Bf2 Nd4 39. Bxd4 cxd4 40. Nc1 g5 41.
Nd3 a5 42. Nb6 Bc6 43. Ke2 Bc7 44. Nd5 Bb8 45. Kf2 Bd6 46. g3 Kg7 47. Kg2 Kf7
48. h4 fxg3 49. hxg5 Bxd5 50. exd5 Kg6 51. c5 Bb8 52. d6 Kxg5 53. Kxg3 Kf5 54.
Nf2 Ke6 55. Kg4 Ba7 56. Nd3 Bb8 57. Kg5 Ba7 58. Kg6 Bb8 59. Kg5 Ba7 60. Kg4 Bb8
61. Kg3 Kd5 62. Kf2 e4 63. fxe4+ Kxe4 64. Ke2 Kd5 65. Kf3 1-0

[Event "SV Waltrop 1 - SV Kamen 2"]
[Site "Stichkampf, Verbandsklasse 20"]
[Date "2019.06.01"]
[Round "1.1"]
[White "Georg, Felix"]
[Black "Gasper, Joern"]
[Result "0-1"]
[WhiteElo "1925"]
[BlackElo "2075"]
[Annotator "Daniel"]
[PlyCount "130"]
[EventDate "2019.??.??"]

1. Nf3 d5 2. c4 e6 3. b3 Nf6 4. Bb2 c5 5. e3 Nc6 6. d4 cxd4 7. Nxd4 Bb4+ 8. Bc3
Bd6 9. Nxc6 bxc6 10. Nd2 O-O 11. Be2 Qe7 12. Qc2 Bd7 13. g4 Bb4 14. Bxb4 Qxb4
15. Kf1 e5 16. h3 e4 17. c5 Qb8 18. Rd1 h6 19. Qc3 a5 20. Kg2 Re8 21. Nf1 Ra7
22. Ng3 Qb4 23. Qc2 Be6 24. Rd4 Qb7 25. Qc3 Qe7 26. Ra4 Rea8 27. Rc1 Nd7 28.
Nh5 f5 29. f4 exf3+ 30. Bxf3 fxg4 31. hxg4 Qg5 32. Rf4 Ne5 33. Qd4 Nxf3 34.
Kxf3 Bxg4+ 35. Rxg4 Qxh5 36. Rcg1 Re8 37. Kf2 Qf5+ 38. Ke1 Re5 39. Kd2 Qf2+ 40.
Kd3 Qf5+ 41. Kd2 Rae7 42. Qf4 d4 43. e4 Qxf4+ 44. Rxf4 Rxc5 45. Rg6 Rd7 46.
Rff6 Re5 47. Kd3 c5 48. Rf5 Rde7 49. Rf4 Kh7 50. Rc6 h5 51. Kd2 a4 52. bxa4 Ra7
53. Rf5 Rxf5 54. exf5 Rxa4 55. Rxc5 Rxa2+ 56. Kd3 Ra4 57. Ke4 h4 58. Rc6 $11 h3
59. Kf3 d3 60. Kg3 Rd4 61. Rc1 d2 62. Rd1 Rd3+ 63. Kf2 Kh6 64. Ke2 Rd7 65. Kf3
Kg5 0-1

[Event "SV Waltrop 1 - SV Kamen 2"]
[Site "Stichkampf, Verbandsklasse 20"]
[Date "2019.06.01"]
[Round "1.2"]
[White "Eckert, Marius"]
[Black "Neumann, Carsten"]
[Result "1-0"]
[WhiteElo "2133"]
[BlackElo "1987"]
[PlyCount "59"]
[EventDate "2019.??.??"]

1. d4 g6 2. Bf4 Bg7 3. Nc3 d5 4. e3 Nf6 5. h4 c5 6. Nb5 Na6 7. c3 Qb6 8. Nf3 c4
9. a4 Bd7 10. b3 Bxb5 11. axb5 Qxb5 12. bxc4 dxc4 13. Nd2 Qc6 14. Nxc4 O-O 15.
Rc1 Nd5 16. Bg3 b5 17. Nb2 Nxc3 18. Qd3 Rac8 19. Nd1 Nb4 20. Qxc3 Qa6 21. Qxb4
Rxc1 22. Qd2 Qa1 23. Be2 Rfc8 24. O-O R8c2 25. Qd3 b4 26. Bf4 Qa3 27. e4 Bxd4
28. Qxd4 Rxe2 29. Bh6 f6 30. Qd5+ 1-0

[Event "SV Waltrop 1 - SV Kamen 2"]
[Site "Stichkampf, Verbandsklasse 20"]
[Date "2019.06.01"]
[Round "1.3"]
[White "Koch, Marcel"]
[Black "Winterberg, Andreas"]
[Result "1/2-1/2"]
[WhiteElo "1934"]
[BlackElo "2008"]
[Annotator "Daniel"]
[PlyCount "132"]
[EventDate "2019.??.??"]

1. d4 d5 2. c4 e6 3. Nf3 Nf6 4. Bg5 a6 5. a4 h6 6. Bh4 Be7 7. e3 Nbd7 8. Nc3
O-O 9. Be2 dxc4 10. O-O c5 11. Bxc4 cxd4 12. Nxd4 Ne5 13. Be2 Nd5 14. Bxe7 Nxe7
15. Qb3 N7c6 16. Rfd1 Qa5 17. Nxc6 Nxc6 18. Rd6 Rd8 19. Rxd8+ Nxd8 20. Rd1 e5
21. Bc4 Bg4 22. f3 Bh5 23. Rd5 Qc7 24. Ne4 Nc6 25. Qc3 Bg6 26. Nc5 Rd8 27. e4
Kh7 28. Rxd8 Nxd8 29. Bd5 Qb6 30. a5 Qb5 31. b4 f6 32. Qc4 Qxc4 $11 33. Bxc4
Nc6 34. Nxb7 Nxb4 35. Kf2 f5 36. exf5 Bxf5 37. Nc5 Nc6 38. Bd5 Nxa5 39. Nxa6
Kg6 40. Ke3 Kf6 41. Nc5 Ke7 42. Ne4 Be6 43. Nc3 Kd6 44. Ke4 Bxd5+ 45. Nxd5 Nc4
$11 46. Ne3 Nxe3 47. Kxe3 Kd5 48. Kd3 g6 49. Ke3 Kd6 50. Ke2 Ke6 51. Kd3 Kf5
52. Ke3 h5 53. g3 g5 54. h3 Kf6 55. Kd3 Kf5 56. Ke3 Kf6 57. Ke4 Ke6 58. g4 h4
59. Ke3 Kd6 60. Kd2 Kd5 61. Kd3 Kd6 62. Kc4 Kc6 63. Kd3 Kd6 64. Ke3 Kd5 65. Kd3
Kd6 66. Ke4 Ke6 1/2-1/2

[Event "SV Waltrop 1 - SV Kamen 2"]
[Site "Stichkampf, Verbandsklasse 20"]
[Date "2019.06.01"]
[Round "1.4"]
[White "Dunsche, Daniel"]
[Black "Traunecker, Thomas"]
[Result "0-1"]
[WhiteElo "1900"]
[BlackElo "1874"]
[PlyCount "60"]
[EventDate "2019.??.??"]

1. d4 g6 2. e4 Bg7 3. Nc3 c6 4. Nf3 d6 5. Bf4 Nd7 6. e5 d5 7. Qd2 Nf8 8. h3 Ne6
9. Be3 Bd7 10. Nh4 f6 11. f4 Qb6 12. O-O-O Nxf4 13. Bxf4 g5 14. exf6 exf6 15.
Re1+ Kf7 16. Kb1 gxf4 17. Qxf4 Bh6 18. Qf2 Qc7 19. Qf3 Qf4 20. Qh5+ Kf8 21. Bd3
Be8 22. Rxe8+ Rxe8 23. Bxh7 Qg5 24. Ng6+ Kg7 25. Qxg5 Bxg5 26. Nxh8 Kxh7 27.
Nf7 Bf4 28. a3 Kg7 29. g3 Bc7 30. Rf1 Kxf7 0-1

[Event "SV Waltrop 1 - SV Kamen 2"]
[Site "Stichkampf, Verbandsklasse 20"]
[Date "2019.06.01"]
[Round "1.5"]
[White "Bals, Jochen"]
[Black "Drewes, Martin"]
[Result "1/2-1/2"]
[WhiteElo "1887"]
[BlackElo "1920"]
[PlyCount "66"]
[EventDate "2019.??.??"]

1. d4 d5 2. c4 c6 3. Nf3 Nf6 4. e3 a6 5. Nc3 e6 6. a4 a5 7. Bd3 Be7 8. O-O b6
9. b3 O-O 10. Ba3 Bxa3 11. Rxa3 Qd6 12. Ra1 Nbd7 13. Qc2 Bb7 14. cxd5 exd5 15.
h3 Rfe8 16. Rac1 g6 17. Rfe1 Rac8 18. Red1 Kg7 19. Re1 Re7 20. Rcd1 Ree8 21.
Rc1 Re7 22. Red1 Ree8 23. Nd2 Qb4 24. Qb2 Kg8 25. Na2 Qd6 26. Nc3 Rcd8 27. Re1
Qb4 28. Na2 Qd6 29. Nc3 Qb4 30. Na2 Qf8 31. Nc3 Qg7 32. Qc2 Qf8 33. Qb2 Qd6
1/2-1/2

[Event "SV Waltrop 1 - SV Kamen 2"]
[Site "Stichkampf, Verbandsklasse 20"]
[Date "2019.06.01"]
[Round "1.6"]
[White "Breidenbach, Rolf"]
[Black "Rotter, Chris"]
[Result "1-0"]
[WhiteElo "1921"]
[BlackElo "1739"]
[PlyCount "113"]
[EventDate "2019.??.??"]

1. d4 e6 2. Bf4 Nf6 3. e3 c5 4. c3 d5 5. Nd2 Nc6 6. Ngf3 Bd7 7. Bd3 cxd4 8.
exd4 g6 9. h3 Bg7 10. O-O O-O 11. Ne5 Qb6 12. Qb3 Qxb3 13. axb3 Rfc8 14. b4 a6
15. Rfe1 Be8 16. Nb3 Nxe5 17. Bxe5 Nd7 18. Bxg7 Kxg7 19. Na5 Rc7 20. Nb3 Nb6
21. Nc5 Nc8 22. Rxe6 Rxc5 23. Rxe8 Rc7 24. Ra5 Re7 25. Rxe7 Nxe7 26. b5 Rb8 27.
bxa6 bxa6 28. b4 Rc8 29. Ra3 Rc6 30. Bxa6 Rb6 31. Bd3 Nc8 32. Kf1 Kf6 33. Ra6
Ke6 34. Rxb6+ Nxb6 35. Ke2 h6 36. f4 Kd6 37. Bb5 Nc8 38. Bd3 Nb6 39. Kd2 Nd7
40. c4 dxc4 41. Bxc4 f6 42. Kd3 Nb6 43. Bf7 g5 44. fxg5 hxg5 45. Ke4 Na4 46.
Kf5 Ke7 47. Bb3 Nb6 48. Be6 Na8 49. d5 Nc7 50. g3 Nb5 51. h4 gxh4 52. gxh4 Nd4+
53. Kg6 Nf3 54. h5 Nh4+ 55. Kg7 f5 56. h6 Nf3 57. h7 1-0

[Event "SV Waltrop 1 - SV Kamen 2"]
[Site "Stichkampf, Verbandsklasse 20"]
[Date "2019.06.01"]
[Round "1.7"]
[White "Markert, Dirk"]
[Black "Sehrbrock, Christoph"]
[Result "0-1"]
[WhiteElo "1846"]
[BlackElo "1811"]
[PlyCount "66"]
[EventDate "2019.??.??"]

1. e4 c6 2. d4 d5 3. exd5 cxd5 4. c4 Nf6 5. Nc3 Nc6 6. Nf3 g6 7. cxd5 Nxd5 8.
Bc4 Nb6 9. Bb3 Bg7 10. Be3 O-O 11. O-O Na5 12. Bc2 Nac4 13. Qe2 Nxe3 14. fxe3
Be6 15. b3 Rc8 16. Ne4 Bf5 17. Rac1 Qc7 18. Nc5 Bxc2 19. Rxc2 Nd7 20. Rfc1 Nxc5
21. Rxc5 Qd7 22. Qc4 Rxc5 23. Qxc5 Qe6 24. Kf2 Bh6 25. Qe5 Qa6 26. Rc2 e6 27.
Qc7 Qd3 28. Re2 Qb5 29. Ne5 Bg7 30. Nd7 Qf5+ 31. Kg3 Qg5+ 32. Kf3 Qf5+ 33. Qf4
Qd5+ 0-1

[Event "SV Waltrop 1 - SV Kamen 2"]
[Site "Stichkampf, Verbandsklasse 20"]
[Date "2019.06.01"]
[Round "1.8"]
[White "Neumann, Robert"]
[Black "Wiese, Thomas"]
[Result "0-1"]
[WhiteElo "1800"]
[BlackElo "1857"]
[PlyCount "62"]
[EventDate "2019.??.??"]

1. Nf3 d5 2. c4 c6 3. g3 g6 4. Bg2 Bg7 5. O-O Nf6 6. d4 O-O 7. Nc3 Bf5 8. Re1
Ne4 9. cxd5 Nxc3 10. bxc3 cxd5 11. Qb3 Nc6 12. Bf4 Na5 13. Qb5 Be4 14. Ne5 Bxg2
15. Kxg2 a6 16. Qb4 Rc8 17. Rec1 Bxe5 18. Bxe5 Rc4 19. Qa3 b5 20. Rc2 Ra4 21.
Qc1 Qd7 22. Bf4 Rc8 23. Qd1 Qf5 24. Rac1 g5 25. Be3 g4 26. Qd3 Qh5 27. Rb1 Nc4
28. Rb4 Nxe3+ 29. fxe3 Rc6 30. Qd1 Qh3+ 31. Kh1 Rxb4 0-1